000
00327nam a22001457a 4500
003
SGT
020
_a
9780670082018
082
_a
920
_b
B08B
100
_a
BOSE, AJAY
245
_a
BEHENJI: A POLITICAL BIOGRAPHY OF MAYAWATI
260
_b
PENGUIN RANDOOM HOUSE
_c
2008
300
_a
277
650
_a
BIOGRAPHY
942
_2
ddc
_c
BK
999
_c
27686
_d
27686